000 01471nam a2200337Ia 4500
003 OSt
005 20201013223311.0
008 191128s1989 ck aodbgr 000 0 spa d
020 _a9586142515
_qObra completa
020 _a9586142523
_qv.1
020 _a9586142531
_qv.2
020 _a958614254X
_qv.3
020 _a9586142558
_qv.4
020 _a9586142566
_qv.5
020 _a9586142574
_qv.6
020 _a9586142582
_qv.7
020 _a9586142590
_qv.8
040 _aCO-JMCR
_cCO-JMCR
041 0 _aspa
082 0 4 _a986.1 /
_bN828n
_223
245 0 0 _aNueva Historia de Colombia /
260 _aBogotá :
_bPlaneta,
_c1989
300 _a8 volúmenes :
_bilustraciones, fotografías, gráficas y mapas a blanco y negro ;
_c25 cm.
500 _aIncluye notas a pie de página.
504 _aBibliografía al final de cada capítulo.
505 0 _gv.1
_tColombia indígena, conquista y colonia
_gv.2
_tEra republicana
_gv.3
_tHistoria política desde 1886 -1946
_gv.4
_tHistoria política desde 1946 -1986
_gv.5
_tRelaciones internacionales y movimientos sociales
_gv.6
_tEducación, ciencias, la mujer, vida diaria
_gv.7
_tEconomía, café, industria
_gv.8
_tLiteratura, pensamiento, artes, recreación
520 3 _aEstos libros constituyen la presentación conjunta de una nueva manera de enfocar la historia colombiana, que rompe radicalmente con las visones y enfoques tradicionales.
546 _aspa
651 4 _aColombia
_xhistoria
_98795
942 _2ddc
_cBK
999 _c6211
_d6211